[Event "Detroit (MCO/C/2a/10)"]
[Site "?"]
[Date "1994.??.??"]
[Round "?"]
[White "Black, T."]
[Black "Piasecki, Vince"]
[Result "1-0"]
[WhiteElo "1605"]
[BlackElo "1605"]
[PlyCount "113"]
[EventDate "1994.??.??"]

1. e4 c5 2. Nf3 Nc6 3. c3 d6 4. Bb5 Bd7 5. Qa4 a6 6. Bxc6 Bxc6 7. Qb3 e6 8. d3
Be7 9. Nbd2 Nf6 10. h3 O-O 11. Nh2 Qc7 12. O-O d5 13. Re1 dxe4 14. dxe4 Bd6 15.
g3 b5 16. Kg2 c4 17. Qc2 Nd7 18. Ndf3 f5 19. exf5 exf5 20. Be3 Qb7 21. Qe2 Rae8
22. Qd2 Qc7 23. Rad1 Bc5 24. Kg1 Rd8 25. Bd4 Nf6 26. Qg5 Bxd4 27. Nxd4 Ne4 28.
Qh4 Rde8 29. Nhf3 Bb7 30. Ng5 Nxg5 31. Qxg5 Qf7 32. Rxe8 Qxe8 33. Nxf5 g6 34.
Ne7+ Kg7 35. Re1 Qf7 36. f4 h6 37. Qe5+ Kh7 38. Rd1 Re8 39. Rd7 Bc8 40. Rc7 Qf8
41. Nxc8+ Kg8 42. Rg7+ Qxg7 43. Qxe8+ Kh7 44. Qe7 Kg8 45. Qxg7+ Kxg7 46. Ne7
Kf6 47. Nd5+ Kf5 48. Nc7 Ke4 49. Nxa6 Kd3 50. Nc7 Kc2 51. Nxb5 Kxb2 52. a4 Kb3
53. a5 Ka4 54. a6 Kxb5 55. a7 Ka4 56. a8=Q+ Kb3 57. Qa5 1-0

[Event "Detroit (MOR/1a/21)"]
[Site "?"]
[Date "1994.??.??"]
[Round "?"]
[White "Biondo, Anthony"]
[Black "Walters, G."]
[Result "0-1"]
[WhiteElo "1605"]
[BlackElo "1655"]
[PlyCount "100"]
[EventDate "1994.??.??"]

1. e4 e6 2. Nf3 d5 3. Nc3 d4 4. Nb5 Nc6 5. d3 a6 6. Na3 Bxa3 7. bxa3 Qd6 8. g3
Nf6 9. Bg2 e5 10. O-O h6 11. Nh4 Ne7 12. Qd2 Rb8 13. c3 g5 14. Nf3 c5 15. cxd4
cxd4 16. Qa5 Nc6 17. Qd2 Bg4 18. a4 Nh7 19. Qc2 O-O 20. Qb3 Be6 21. Ba3 Qd7 22.
Qb2 Rfe8 23. Nd2 Nf6 24. Nb3 b6 25. Rfc1 Na7 26. Rc2 Qxa4 27. Bd6 Rbc8 28. Rxc8
Bxc8 29. Bc7 Qb5 30. a4 Qb4 31. a5 bxa5 32. Rxa5 Nb5 33. Bb6 Nd7 34. Bxd4 Nxd4
35. Qa3 Qxb3 36. Qd6 Qxd3 37. Bh3 Qd1+ 38. Kg2 Qf3+ 39. Kg1 g4 40. Bg2 Qd3 41.
Ra3 Nf3+ 42. Bxf3 Qxd6 43. Bxg4 Qxa3 44. h4 Nf6 45. Bxc8 Rxc8 46. Kg2 Nxe4 47.
Kh3 Nxf2+ 48. Kg2 Rc2 49. Kh2 Ne4+ 50. Kh3 Qxg3# 0-1

[Event "Detroit (MOR/5/63)"]
[Site "?"]
[Date "1994.??.??"]
[Round "?"]
[White "Biondo, Anthony"]
[Black "Randel, J."]
[Result "0-1"]
[WhiteElo "1605"]
[BlackElo "1605"]
[PlyCount "60"]
[EventDate "1994.??.??"]

{5/(63)} 1. e4 e5 2. Nf3 Nc6 3. Nc3 Nf6 4. Bc4 Bc5 5. O-O O-O 6. a3 d6 7. d3
Bg4 8. b4 Bb6 9. a4 a5 10. b5 Nd4 11. Bg5 Nxf3+ 12. gxf3 Bh5 13. Nd5 Bd4 14.
Rb1 c6 15. bxc6 bxc6 16. Nxf6+ gxf6 17. Bd2 d5 18. Ba2 dxe4 19. dxe4 Qd7 20.
Bc4 Qh3 21. Be2 Kh8 22. Kh1 Rg8 23. Rg1 Rg6 24. Qf1 Bxf3+ 25. Bxf3 Qxf3+ 26.
Rg2 Rag8 27. Bxa5 Rxg2 28. h3 Rg1+ 29. Kh2 Rxf1 30. Rxf1 Qg2# 0-1

[Event "Detroit (MOR/3/63)"]
[Site "?"]
[Date "1994.??.??"]
[Round "?"]
[White "Biondo, Anthony"]
[Black "Paul, Dennis"]
[Result "1-0"]
[WhiteElo "1605"]
[BlackElo "1605"]
[PlyCount "53"]
[EventDate "1994.??.??"]

{3/(63)} 1. e4 e5 2. Nf3 Nc6 3. Nc3 Nf6 4. g3 Bc5 5. Bg2 d6 6. O-O Bg4 7. d3
O-O 8. Bg5 Nd4 9. a3 c6 10. h3 Bxf3 11. Bxf3 d5 12. exd5 cxd5 13. Nxd5 Qd7 14.
Bxf6 Qf5 15. Bg4 Qg6 16. Be7 Rfe8 17. Bxc5 Rad8 18. Ne7+ Rxe7 19. Bxe7 Rd7 20.
Bxd7 f6 21. c3 Qf7 22. cxd4 Qxe7 23. Qg4 exd4 24. Rae1 Qd6 25. Qh5 Qxd7 26.
Re8+ Qxe8 27. Qxe8# 1-0

[Event "Detroit (MOR/7/50)"]
[Site "?"]
[Date "1994.??.??"]
[Round "?"]
[White "Biondo, Anthony"]
[Black "Fields, W."]
[Result "1-0"]
[WhiteElo "1605"]
[BlackElo "1605"]
[PlyCount "97"]
[EventDate "1994.??.??"]

{7/(50)} 1. e4 c5 2. Nc3 d6 3. Nf3 g6 4. Bb5+ Bd7 5. Bxd7+ Qxd7 6. b3 Bg7 7.
Bb2 Nc6 8. O-O Nf6 9. Nd5 Nh5 10. Bxg7 Nxg7 11. h3 O-O 12. c4 Rac8 13. Re1 Ne6
14. a3 Kh8 15. b4 Rg8 16. Qa4 Ra8 17. b5 Ncd4 18. Nxd4 Nxd4 19. e5 Nf5 20. Qc2
Rae8 21. Qb2 Nd4 22. exd6 Qxd6 23. Re3 e5 24. Rae1 b6 25. f4 f6 26. a4 h6 27.
Nc3 Kh7 28. Ne4 Qe6 29. fxe5 fxe5 30. Nc3 Qf5 31. Rf1 Qg5 32. Ne4 Qe7 33. Nf6+
Kg7 34. Nxg8 Rxg8 35. d3 Rf8 36. Rxf8 Kxf8 37. Qf2+ Kg7 38. Qg3 Kf6 39. Qh4+
Kf7 40. Qxe7+ Kxe7 41. Rxe5+ Kf6 42. Re8 Nb3 43. Ra8 Ke5 44. Rxa7 Kd4 45. Rd7+
Kc3 46. Rd6 Nc1 47. Rxb6 Nxd3 48. a5 Kxc4 49. a6 1-0

[Event "Detroit (MOR/1a/33)"]
[Site "?"]
[Date "1994.??.??"]
[Round "?"]
[White "Biondo, Albert"]
[Black "Schafer, Jurgen"]
[Result "0-1"]
[WhiteElo "1605"]
[BlackElo "1605"]
[PlyCount "52"]
[EventDate "1994.??.??"]

1. e4 e5 2. Nf3 Nc6 3. d4 exd4 4. Nxd4 Bc5 5. Nxc6 bxc6 6. Nc3 Nf6 7. Bg5 O-O
8. Bd3 d6 9. O-O Qe7 10. h3 Qe5 11. Qd2 Bb4 12. a3 Bxc3 13. Qxc3 Qxg5 14. Be2
Bxh3 15. Qxh3 Nxe4 16. Bd3 Nf6 17. c4 Rab8 18. b4 h6 19. f4 Qg4 20. Qe3 c5 21.
bxc5 Rfe8 22. Qd4 Qg3 23. Qc3 Qe3+ 24. Rf2 Ng4 25. Re1 Qxf2+ 26. Kh1 Rxe1+ 0-1

[Event "Detroit (MOR/6/49)"]
[Site "?"]
[Date "1994.??.??"]
[Round "?"]
[White "Biondo, Albert"]
[Black "Mahabir, Jagdesh"]
[Result "1-0"]
[WhiteElo "1605"]
[BlackElo "1605"]
[PlyCount "73"]
[EventDate "1994.??.??"]

{6/(49)} 1. e4 d6 2. d4 Nf6 3. Nc3 g6 4. Nf3 Bg7 5. Bc4 O-O 6. b3 Bg4 7. Bb2 e5
8. Qd3 Bxf3 9. Qxf3 exd4 10. Ne2 c5 11. a3 Qe7 12. Bd3 d5 13. exd5 Rd8 14. Bc4
a6 15. b4 b5 16. Ba2 c4 17. Bxd4 Nxd5 18. O-O Bxd4 19. Nxd4 Re8 20. Qxd5 Nd7
21. Nf3 Ne5 22. Qxe5 Qxe5 23. Nxe5 Rxe5 24. f4 Re2 25. c3 Rd8 26. Rf2 Rxf2 27.
Kxf2 Rd2+ 28. Kf1 Rc2 29. Bb1 Rxc3 30. Be4 Re3 31. Bb7 Re6 32. a4 Rb6 33. Bd5
Kf8 34. axb5 axb5 35. Ra8+ Ke7 36. Ra7+ Kf6 37. Rxf7# 1-0

[Event "Detroit (MOR/3/30)"]
[Site "?"]
[Date "1994.??.??"]
[Round "?"]
[White "Biondo, Albert"]
[Black "Libby, Dan"]
[Result "0-1"]
[WhiteElo "1605"]
[BlackElo "1700"]
[PlyCount "102"]
[EventDate "1994.??.??"]

{3/(30)} 1. e4 d6 2. d4 Nf6 3. Nc3 g6 4. e5 dxe5 5. dxe5 Qxd1+ 6. Nxd1 Nd5 7.
Bc4 Nb6 8. Bb3 Bg7 9. Nf3 Bg4 10. Bg5 Bxf3 11. gxf3 Bxe5 12. Bh6 e6 13. f4 Bf6
14. c3 N8d7 15. Ne3 O-O-O 16. O-O-O Nc5 17. Rxd8+ Rxd8 18. Bc2 Nd3+ 19. Bxd3
Rxd3 20. Kc2 Rd8 21. h4 Be7 22. Bg5 f6 23. Bh6 Bf8 24. Bxf8 Rxf8 25. h5 Nd5 26.
hxg6 hxg6 27. Nxd5 exd5 28. Rh6 g5 29. f5 Rf7 30. Rg6 Kd7 31. Kd3 Kd6 32. Kd4
c5+ 33. Kd3 Ke5 34. Rg8 Rd7 35. Ke3 d4+ 36. cxd4+ cxd4+ 37. Kd3 Kxf5 38. b4 a6
39. a4 Kg4 40. Rf8 f5 41. f3+ Kf4 42. Rf6 g4 43. fxg4 Kxg4 44. Rg6+ Kf3 45. a5
f4 46. Rf6 Kg3 47. Ke4 d3 48. Rxf4 d2 49. Rf3+ Kg2 50. Rd3 Rxd3 51. Kxd3 d1=Q+
0-1

[Event "Flint (MI YJ Spon/3)"]
[Site "?"]
[Date "1994.??.??"]
[Round "?"]
[White "Biondo, Albert"]
[Black "Ceterski, Tom"]
[Result "1-0"]
[WhiteElo "1605"]
[BlackElo "1665"]
[PlyCount "86"]
[EventDate "1994.??.??"]

1. e4 c5 2. d4 cxd4 3. Qxd4 Nc6 4. Qe3 e6 5. Nf3 Nf6 6. h3 Nb4 7. Bd3 Qc7 8.
Nc3 Bc5 9. Qe2 O-O 10. O-O d5 11. a3 Nxd3 12. Qxd3 Rd8 13. e5 Ne8 14. b4 Bf8
15. Bd2 g6 16. Nb5 Qd7 17. Rac1 a6 18. Nbd4 b5 19. Ng5 Bh6 20. h4 Bb7 21. c3
Rac8 22. Rce1 Qe7 23. Bc1 Bg7 24. h5 h6 25. Nh3 g5 26. Qg3 Qc7 27. Bxg5 Qxc3
28. Bxd8 Qxg3 29. fxg3 Rxd8 30. g4 Rc8 31. Rf4 Rc7 32. g5 Re7 33. Rg4 Kh8 34.
Re3 hxg5 35. Rxg5 Bh6 36. Reg3 Bxg5 37. Nxg5 Ng7 38. h6 Nh5 39. Rg4 f5 40. exf6
Nxf6 41. Rf4 Nh7 42. Ngxe6 Bc8 43. Nf8 Bd7 1-0

[Event "Detroit (MCO/C/6/12)"]
[Site "?"]
[Date "1994.??.??"]
[Round "?"]
[White "Bezrutch, B."]
[Black "Wright, Ken"]
[Result "1-0"]
[WhiteElo "1605"]
[BlackElo "1605"]
[PlyCount "59"]
[EventDate "1994.??.??"]

{6/(12)} 1. e4 d5 2. exd5 Qxd5 3. Nc3 Qa5 4. Nf3 Bg4 5. Be2 Nc6 6. O-O Nf6 7.
d3 e6 8. a3 Bd6 9. Rb1 Qh5 10. g3 O-O 11. Re1 Rfe8 12. Bg5 Nd5 13. Ne4 f5 14.
Nxd6 cxd6 15. Bd2 e5 16. Nh4 Bxe2 17. Qxe2 Qf7 18. c3 f4 19. Qf3 Qf6 20. Re2
Nde7 21. Rbe1 Ng6 22. Nxg6 Qxg6 23. Qd5+ Kh8 24. d4 fxg3 25. fxg3 Rad8 26. Rf1
Qd3 27. Ref2 h6 28. Qf3 Rf8 29. Qxd3 Rxf2 30. Rxf2 1-0

[Event "Detroit (MCO/C/1b/3)"]
[Site "?"]
[Date "1994.??.??"]
[Round "?"]
[White "Bezrutch, B."]
[Black "Wheeler, R."]
[Result "0-1"]
[WhiteElo "1605"]
[BlackElo "1605"]
[PlyCount "122"]
[EventDate "1994.??.??"]

1. e4 e5 2. Nf3 Nf6 3. Nc3 d6 4. d4 exd4 5. Nxd4 Be7 6. Be2 O-O 7. O-O c6 8.
Re1 Nbd7 9. b3 Ne5 10. Nf3 Qc7 11. Bb2 b5 12. a3 Bb7 13. Nxe5 dxe5 14. Bd3 Rad8
15. Qf3 Bc8 16. Qg3 Ng4 17. Qf3 Nf6 18. Ne2 Bg4 19. Qe3 Be6 20. Ng3 Ng4 21. Qf3
Bc5 22. Re2 Qb6 23. Rf1 Qc7 24. Nf5 Nf6 25. Qg3 Bxf5 26. exf5 Bd4 27. Bc1 Nh5
28. Qg5 Nf6 29. Qh4 Rd5 30. Be4 Nxe4 31. Rxe4 Qd8 32. Bg5 f6 33. Bc1 Bc3 34.
Qg3 Bd2 35. Bb2 Bf4 36. Qf3 Qd7 37. Bc3 Rd8 38. g3 Bd2 39. Bb2 Bh6 40. Bc3 Rc5
41. Ree1 Rd5 42. Kg2 Bd2 43. Rd1 Bxc3 44. Rb1 b4 45. axb4 Bxb4 46. h4 Rd2 47.
Qg4 Qd5+ 48. Kg1 Bc5 49. h5 Rd4 50. Qh3 Qf3 51. Qg2 Qxg2+ 52. Kxg2 Rd2 53. b4
Bb6 54. c4 Bd4 55. c5 Rb2 56. Rxb2 Bxb2 57. Rb1 Rd2 58. Kf3 Bd4 59. b5 Rxf2+
60. Ke4 cxb5 61. c6 Rc2 0-1

[Event "Eastpointe (MI Action/6/11)"]
[Site "?"]
[Date "1994.??.??"]
[Round "?"]
[White "Bezrutch, B."]
[Black "Walker, LeRoy"]
[Result "0-1"]
[WhiteElo "1605"]
[BlackElo "1875"]
[PlyCount "51"]
[EventDate "1994.??.??"]

{6/(11)} 1. e4 c5 2. Nf3 Nc6 3. d4 cxd4 4. Nxd4 g6 5. Bc4 Bg7 6. Nb3 Nf6 7. Qf3
Ne5 8. Qe2 Nxc4 9. Qxc4 O-O 10. O-O d6 11. Nc3 Be6 12. Qd3 Rc8 13. Nd4 Bc4 14.
Qd1 Bxf1 15. Qxf1 Nxe4 16. Nxe4 Bxd4 17. c3 Bg7 18. Bg5 Qd7 19. Re1 h6 20. Bh4
d5 21. Nd2 e6 22. Bg3 Qa4 23. a3 Qc2 24. Rc1 Qxb2 25. Ne4 Qxa3 26. Bd6 0-1

[Event "Detroit (Class C/2/1)"]
[Site "?"]
[Date "1994.??.??"]
[Round "?"]
[White "Bezrutch, B."]
[Black "Raupp, Helene"]
[Result "1/2-1/2"]
[WhiteElo "1605"]
[BlackElo "1605"]
[PlyCount "84"]
[EventDate "1994.??.??"]

{2/(1)} 1. e4 e6 2. Nf3 d5 3. exd5 exd5 4. d4 Bg4 5. Be2 Nf6 6. O-O Bd6 7. Bg5
O-O 8. Re1 Nbd7 9. Nbd2 Re8 10. c4 dxc4 11. Bxc4 Rxe1+ 12. Qxe1 Bb4 13. Qe3 Qe8
14. Qb3 Bxd2 15. Nxd2 b6 16. Nf3 h6 17. Re1 Qf8 18. Bf4 c6 19. Ne5 Nxe5 20.
Bxe5 Re8 21. Qg3 Qb4 22. Qc3 Qxc3 23. bxc3 Nd7 24. Re3 Nxe5 25. Rxe5 Rxe5 26.
dxe5 g5 27. f3 Bd7 28. Kf2 Kf8 29. Kg3 Ke7 30. h4 a5 31. hxg5 hxg5 32. f4 gxf4+
33. Kxf4 b5 34. Bd3 Be6 35. a3 f6 36. g3 Bd7 37. Bf5 fxe5+ 38. Kxe5 Bxf5 39.
Kxf5 c5 40. Ke4 b4 41. cxb4 cxb4 42. axb4 axb4 1/2-1/2

[Event "Eastpointe (US Am N/5/35)"]
[Site "?"]
[Date "1994.??.??"]
[Round "?"]
[White "Bezrutch, B."]
[Black "Prince, S."]
[Result "0-1"]
[WhiteElo "1605"]
[BlackElo "1605"]
[PlyCount "74"]
[EventDate "1994.??.??"]

{5/(35)} 1. e4 c5 2. Nf3 d6 3. Bc4 Nc6 4. d4 cxd4 5. Nxd4 Nf6 6. Nc3 g6 7. O-O
Bg7 8. Nde2 O-O 9. f4 Qb6+ 10. Kh1 Ng4 11. Qe1 Nd4 12. Nd5 Qc5 13. Nxe7+ Kh8
14. Nxd4 Bxd4 15. Bb3 Nf2+ 16. Rxf2 Bxf2 17. Qe2 Be6 18. Nd5 Bxd5 19. Bxd5 Rac8
20. c3 f5 21. Bd2 Qb6 22. b4 Rfe8 23. e5 Bd4 24. cxd4 Qxd4 25. Rd1 Qxd5 26. Be3
Qe4 27. Qe1 Rc2 28. Rd2 Qxb4 29. e6 Kg8 30. Qe2 Qb1+ 31. Bg1 Rxd2 32. Qxd2 Rxe6
33. h3 b6 34. Qd5 Qe4 35. Qd2 d5 36. Kh2 Rc6 37. Qb2 Rc2 0-1

[Event "Eastpointe (US Am N/3/39)"]
[Site "?"]
[Date "1994.??.??"]
[Round "?"]
[White "Bezrutch, B."]
[Black "Melton, J."]
[Result "1-0"]
[WhiteElo "1605"]
[BlackElo "1605"]
[PlyCount "89"]
[EventDate "1994.??.??"]

{3/(39)} 1. e4 e5 2. Nf3 Nc6 3. Bb5 Bc5 4. O-O d6 5. Re1 Nf6 6. h3 Be6 7. c3
O-O 8. d4 exd4 9. cxd4 a6 10. Bxc6 bxc6 11. dxc5 d5 12. e5 Nd7 13. Qc2 f6 14.
exf6 Nxf6 15. Rxe6 Qd7 16. Re5 Ne4 17. Nc3 Rf6 18. Nxe4 dxe4 19. Qxe4 Qd1+ 20.
Qe1 Qa4 21. Bg5 Rf7 22. Qe4 Qxe4 23. Rxe4 h6 24. Bd2 Rb8 25. Bc3 Rf5 26. b4 a5
27. a3 Ra8 28. Re7 Rf7 29. Rxf7 Kxf7 30. Rd1 Ke6 31. Bxg7 axb4 32. axb4 Ra4 33.
Bxh6 Rxb4 34. Be3 Rc4 35. g4 Ke7 36. g5 Re4 37. Rd4 Re6 38. h4 Rg6 39. Kg2 Ke6
40. Kg3 Kf5 41. Rd7 Ke6 42. Rxc7 Kd5 43. Rd7+ Ke6 44. Rd6+ Kf7 45. Ne5+ 1-0

[Event "Detroit (MCO/C/4/11)"]
[Site "?"]
[Date "1994.??.??"]
[Round "?"]
[White "Bezrutch, B."]
[Black "Keeley, G."]
[Result "1-0"]
[WhiteElo "1605"]
[BlackElo "1605"]
[PlyCount "91"]
[EventDate "1994.??.??"]

{4/(11)} 1. e4 e5 2. Nf3 Nc6 3. Bb5 a6 4. Ba4 Nf6 5. O-O Be7 6. Re1 b5 7. Bb3
O-O 8. c3 d5 9. exd5 Nxd5 10. Nxe5 Nxe5 11. Rxe5 Nf6 12. d4 Bd6 13. Re1 Ng4 14.
g3 Qf6 15. Qe2 Bd7 16. Nd2 Qg6 17. Ne4 Rae8 18. Qf3 Bf5 19. Bc2 f6 20. h3 Nh6
21. Bxh6 Bxe4 22. Bxe4 Qxh6 23. Kg2 Kh8 24. Re2 f5 25. Bxf5 Rxe2 26. Qxe2 Rxf5
27. Re1 Qf6 28. Qe3 c5 29. Re2 h6 30. Qe4 cxd4 31. cxd4 a5 32. Rc2 Qg6 33. Rc8+
Kh7 34. f4 Bxf4 35. g4 Rf6 36. Qa8 Qd3 37. Rh8+ Kg6 38. Qe8+ Rf7 39. Qe6+ Kg5
40. Qd5+ Kf6 41. Qc6+ Kg5 42. Qd5+ Kg6 43. Qe6+ Kg5 44. Qd5+ Kf6 45. Qc6+ Ke7
46. Re8# 1-0

[Event "Detroit (Class C/1/23)"]
[Site "?"]
[Date "1994.??.??"]
[Round "?"]
[White "Bezrutch, B."]
[Black "Hill, M."]
[Result "1-0"]
[WhiteElo "1605"]
[BlackElo "1605"]
[PlyCount "95"]
[EventDate "1994.??.??"]

{1/(23)} 1. e4 e6 2. Nf3 d5 3. exd5 exd5 4. d4 Nf6 5. Be2 Be7 6. O-O O-O 7. Bg5
Be6 8. Nbd2 Nbd7 9. Re1 Re8 10. Bd3 c6 11. c3 Qc7 12. Qc2 Bd6 13. Re2 h6 14.
Bxf6 Nxf6 15. Ne5 Kh8 16. Rae1 Nh5 17. Bf5 Bxf5 18. Qxf5 Nf6 19. Ndf3 Re7 20.
Nh4 Kg8 21. Re3 Ne4 22. Qg4 Bxe5 23. dxe5 Rxe5 24. Nf5 f6 25. Nxh6+ Kf8 26. Nf5
Qd7 27. Rh3 Qxf5 28. Qxf5 Rxf5 29. Rh8+ Kf7 30. Rxa8 Rxf2 31. Rxe4 Rxb2 32. Rb4
Rxb4 33. cxb4 Ke6 34. Kf2 Ke5 35. Ke3 d4+ 36. Kd3 g5 37. Rxa7 b5 38. Rd7 f5 39.
Rxd4 f4 40. Rd7 g4 41. Re7+ Kf5 42. Ke2 Kf6 43. Rc7 Ke5 44. Rxc6 Ke4 45. Rc5
f3+ 46. gxf3+ gxf3+ 47. Kf2 Kd4 48. h4 1-0

[Event "Eastpointe (MI Action/5/13)"]
[Site "?"]
[Date "1994.??.??"]
[Round "?"]
[White "Bezrutch, B."]
[Black "Franke, R."]
[Result "1-0"]
[WhiteElo "1605"]
[BlackElo "1800"]
[PlyCount "70"]
[EventDate "1994.??.??"]

{5/(13)} 1. e4 c5 2. Nf3 Nc6 3. d4 cxd4 4. Nxd4 Nf6 5. Nc3 d6 6. Bc4 e6 7. O-O
Be7 8. Re1 O-O 9. Bg5 Qb6 10. Nb3 Rd8 11. Qf3 Ne5 12. Qe2 Nxc4 13. Qxc4 Bd7 14.
Rad1 Rac8 15. Qe2 a6 16. Qf3 h6 17. Bf4 e5 18. Bc1 Bg4 19. Qg3 Bxd1 20. Rxd1
Kh7 21. Nd5 Nxd5 22. exd5 Rxc2 23. Qd3+ Kg8 24. Qxc2 Kf8 25. Be3 Qb5 26. Rc1
Qxd5 27. Qh7 Bf6 28. h3 Rd7 29. Bb6 e4 30. Rc8+ Ke7 31. Qg8 Qd1+ 32. Kh2 Be5+
33. g3 Bxg3+ 34. Kxg3 Qf3+ 35. Kh2 Qf4+ 1-0

[Event "Eastpointe (MI Action/1/2)"]
[Site "?"]
[Date "1994.??.??"]
[Round "?"]
[White "Bezrutch, B."]
[Black "Finegold, Mark"]
[Result "0-1"]
[WhiteElo "1605"]
[BlackElo "2255"]
[PlyCount "62"]
[EventDate "1994.??.??"]

{1/(2)} 1. e4 c5 2. Nf3 Nc6 3. d4 cxd4 4. Nxd4 Nf6 5. Nxc6 bxc6 6. Nc3 e5 7.
Bg5 Rb8 8. Rb1 Bb4 9. Bxf6 Qxf6 10. Bc4 O-O 11. O-O d6 12. Ne2 Bg4 13. Qd3 Rfd8
14. Ng3 g6 15. h3 Be6 16. c3 Ba5 17. b4 Bc7 18. a4 Kg7 19. Bb3 a5 20. b5 cxb5
21. axb5 Bxb3 22. Rxb3 Bb6 23. Qd5 Rdc8 24. c4 Bd4 25. c5 Rxc5 26. Rf3 Qxf3 27.
gxf3 Rxd5 28. exd5 Rxb5 29. Ne4 Rxd5 30. Rb1 a4 31. Rb3 axb3 0-1

[Event "Eastpointe (MI Action/3/9)"]
[Site "?"]
[Date "1994.??.??"]
[Round "?"]
[White "Bezrutch, B."]
[Black "Calton, David A"]
[Result "0-1"]
[WhiteElo "1605"]
[BlackElo "1880"]
[PlyCount "64"]
[EventDate "1994.??.??"]

{3/(9)} 1. e4 d6 2. Nf3 g6 3. c3 Bg7 4. d4 Nc6 5. Bg5 f6 6. Be3 e5 7. d5 Nce7
8. Bd3 f5 9. c4 Nf6 10. Nc3 b6 11. Qc2 O-O 12. g3 fxe4 13. Bxe4 Nxe4 14. Qxe4
Bf5 15. Qh4 Qd7 16. O-O Bg4 17. Ng5 h6 18. Ne6 Bxe6 19. dxe6 Qxe6 20. Bxh6 Nf5
21. Qg4 Bxh6 22. Nd5 Nd4 23. Qd1 Qh3 24. f4 Nf5 25. Qd3 exf4 26. Nxf4 Bxf4 27.
Rxf4 Rae8 28. Raf1 Re3 29. Qd5+ Kg7 30. Qc6 Re2 31. Qd7+ Rf7 32. Rh4 Qg2# 0-1

[Event "Detroit (Class C/4/9)"]
[Site "?"]
[Date "1994.??.??"]
[Round "?"]
[White "Bezrutch, B."]
[Black "Bloch, Hermann"]
[Result "0-1"]
[WhiteElo "1605"]
[BlackElo "1605"]
[PlyCount "128"]
[EventDate "1994.??.??"]

{4/(9)} 1. e4 e5 2. Nf3 Nc6 3. d4 exd4 4. c3 dxc3 5. Nxc3 Bb4 6. Bc4 h6 7. O-O
Bxc3 8. bxc3 Nge7 9. Re1 O-O 10. Nd4 Ne5 11. Bb3 d6 12. Re3 c5 13. Nb5 Qb6 14.
a4 c4 15. Bc2 Rd8 16. Rg3 N5g6 17. Nd4 d5 18. Ba3 dxe4 19. Bxe4 Nf5 20. Bxf5
Bxf5 21. Qe1 Re8 22. Re3 Rxe3 23. Qxe3 Bd3 24. Qe1 Qc7 25. Ra2 Qd7 26. Bb4 Re8
27. Qd1 Qd5 28. a5 Qe4 29. Ra1 Nf4 30. f3 Qe3+ 31. Kh1 g5 32. Qg1 Qxg1+ 33.
Kxg1 Nd5 34. Kf2 Kg7 35. Re1 Rxe1 36. Kxe1 Kg6 37. Kd2 h5 38. g3 a6 39. Bd6 Kf6
40. Bb8 Ne7 41. Bc7 Ng6 42. Bd8+ Ne7 43. Bc7 Nc8 44. Ne2 Ke7 45. Nc1 Bf5 46.
Ke3 Kd7 47. Be5 Ne7 48. Bd4 Kc6 49. Be5 Kb5 50. Bd6 Nc6 51. Bc7 Nxa5 52. Bxa5
Kxa5 53. Kd4 Kb5 54. Na2 a5 55. Ke5 Bb1 56. Nc1 f5 57. Ke6 g4 58. fxg4 fxg4 59.
Ke5 Kc5 60. Kf4 b5 61. Ke3 b4 62. cxb4+ axb4 63. Ne2 c3 64. Nc1 Kc4 0-1

[Event "Detroit (Class DE/4/4)"]
[Site "?"]
[Date "1994.??.??"]
[Round "?"]
[White "Beydoun, M."]
[Black "Sansone, W."]
[Result "0-1"]
[WhiteElo "1605"]
[BlackElo "1605"]
[PlyCount "88"]
[EventDate "1994.??.??"]

{4/(4)} 1. e4 c6 2. d4 d5 3. Nd2 dxe4 4. Nxe4 Bf5 5. Ng3 Bg6 6. Nf3 Nd7 7. Bd3
Bxd3 8. Qxd3 Ngf6 9. O-O e6 10. Bg5 Be7 11. Ne4 Nxe4 12. Bxe7 Qxe7 13. Qxe4 Nf6
14. Qf4 O-O 15. a3 Rfd8 16. c4 a5 17. Rac1 Rac8 18. c5 Nd5 19. Qg5 Qxg5 20.
Nxg5 Nf6 21. Rc4 Nd5 22. Rfc1 Nc7 23. Ne4 Ne8 24. f3 h6 25. Ng3 Nc7 26. Ne4 Ne8
27. Ra4 Ra8 28. b4 axb4 29. Rxa8 Rxa8 30. axb4 f5 31. Ng3 Nc7 32. Rb1 Nb5 33.
Ne2 Kf7 34. Rb3 Ra1+ 35. Kf2 Ra2 36. g3 Nxd4 37. Re3 Rxe2+ 38. Rxe2 Nxe2 39.
Kxe2 Kf6 40. Kd3 Ke5 41. Kc4 g5 42. b5 h5 43. bxc6 bxc6 44. Kb4 Kd5 0-1

[Event "Detroit (Class DE/2/12)"]
[Site "?"]
[Date "1994.??.??"]
[Round "?"]
[White "Beydoun, M."]
[Black "Calugaru, P."]
[Result "1/2-1/2"]
[WhiteElo "1605"]
[BlackElo "1605"]
[PlyCount "76"]
[EventDate "1994.??.??"]

{2/(12)} 1. e4 e5 2. Nf3 Nc6 3. Bb5 a6 4. Ba4 Nf6 5. O-O Be7 6. Re1 b5 7. Bb3
O-O 8. c3 d6 9. h3 Nb8 10. d4 Nbd7 11. Bc2 Re8 12. Nbd2 Bf8 13. Nf1 Bb7 14. Ng3
g6 15. dxe5 Nxe5 16. Nxe5 Rxe5 17. f4 Re8 18. f5 c5 19. Bg5 Bg7 20. Qd2 Qc7 21.
fxg6 hxg6 22. Bf4 Re6 23. Kf2 Rae8 24. Rad1 Bf8 25. Qe3 Nxe4+ 26. Nxe4 Bxe4 27.
Bxe4 Rxe4 28. Qd2 R4e6 29. Rxe6 Rxe6 30. Re1 Rxe1 31. Qxe1 Qe7 32. Qxe7 Bxe7
33. Ke3 d5 34. a3 Bf6 35. Bd6 c4 36. Bc5 Bh8 37. Bd4 f6 38. g4 Kf7 1/2-1/2

[Event "Jackson (Prison m/Oct)"]
[Site "?"]
[Date "1994.??.??"]
[Round "?"]
[White "Bey, C."]
[Black "Thomas, Henry"]
[Result "1-0"]
[WhiteElo "1605"]
[BlackElo "1840"]
[PlyCount "79"]
[EventDate "1994.??.??"]

1. d4 f5 2. c4 Nf6 3. Nc3 e6 4. Bg5 Be7 5. e3 O-O 6. Nf3 a5 7. Bd3 d5 8. Rc1 c6
9. Qb3 Ne4 10. Bxe7 Qxe7 11. O-O Nd7 12. c5 g5 13. Qd1 Kh8 14. Ne2 g4 15. Ne1
Rg8 16. Ng3 Qh4 17. Bxe4 dxe4 18. Qb3 Nf6 19. Ne2 Nd5 20. g3 Qh3 21. Ng2 Nb4
22. Nef4 Qh6 23. a3 Nd5 24. Rc2 a4 25. Qa2 Bd7 26. Nxd5 cxd5 27. Nf4 Qf6 28.
Kg2 e5 29. dxe5 Qxe5 30. Qxd5 Qxd5 31. Nxd5 Bc6 32. Ne7 Bb5 33. Rd1 Rgf8 34.
Rd5 Rf7 35. Nxf5 Raf8 36. Nd6 Rd7 37. Rcd2 Bd3 38. Re5 Rc7 39. Nxe4 Bxe4+ 40.
Rxe4 1-0

[Event "Detroit (CAO/3/12)"]
[Site "?"]
[Date "1994.??.??"]
[Round "?"]
[White "Berry, M."]
[Black "Sturgis, Derreck"]
[Result "1-0"]
[WhiteElo "1605"]
[BlackElo "1605"]
[PlyCount "119"]
[EventDate "1994.??.??"]

{3/(12)} 1. d4 d5 2. Nf3 e6 3. Nc3 c5 4. b3 cxd4 5. Nxd4 Bb4 6. Bb2 Nf6 7. e3
Ne4 8. Bb5+ Bd7 9. Bxd7+ Nxd7 10. O-O Bxc3 11. Bxc3 Nxc3 12. Qd3 Qc7 13. Nb5
Nxb5 14. Qxb5 O-O 15. c4 a6 16. Qb4 Rac8 17. cxd5 exd5 18. h3 Rfe8 19. Rac1 Qb8
20. Rxc8 Qxc8 21. Re1 b5 22. a4 Re4 23. Qd2 Nf6 24. axb5 axb5 25. Rc1 Qb7 26.
f3 h6 27. fxe4 Nxe4 28. Qe2 Qb6 29. Rc8+ Kh7 30. Qd3 g6 31. Qd4 Qxd4 32. exd4
Kg7 33. Rb8 Nc3 34. Kf1 Kf6 35. Ke1 Kf5 36. Kd2 Ne4+ 37. Kc2 Nd6 38. Kc3 Ke4
39. Rd8 Nf5 40. Rd7 f6 41. Rf7 Nxd4 42. Rxf6 Ne2+ 43. Kd2 Nf4 44. g3 Nd3 45.
Rxg6 Nc5 46. b4 Nd3 47. Rxh6 Nxb4 48. Rh4+ Ke5 49. Rxb4 d4 50. Rxb5+ Ke4 51. g4
Kf4 52. g5 Kg3 53. g6 Kxh3 54. g7 Kh2 55. Kd3 Kg3 56. Kxd4 Kf2 57. Re5 Kf3 58.
g8=Q Kf2 59. Qf8+ Kg2 60. Rg5+ 1-0

[Event "Detroit (MCO/Ch/1a/2)"]
[Site "?"]
[Date "1994.??.??"]
[Round "?"]
[White "Berkovich, D."]
[Black "Wright, William"]
[Result "1/2-1/2"]
[WhiteElo "2485"]
[BlackElo "2185"]
[PlyCount "84"]
[EventDate "1994.??.??"]

1. d4 Nf6 2. c4 c5 3. d5 b5 4. cxb5 a6 5. f3 g6 6. e4 d6 7. bxa6 Bxa6 8. Bxa6
Nxa6 9. Ne2 Bg7 10. Na3 O-O 11. Nc4 Nd7 12. O-O Ne5 13. Nxe5 Bxe5 14. Rb1 Qb6
15. Be3 Rfb8 16. Qd2 Qb4 17. Nc3 Nc7 18. Qc2 Nb5 19. Nxb5 Rxb5 20. b3 Qa3 21.
Rf2 Rba5 22. f4 Bg7 23. e5 Qxa2 24. Qxa2 Rxa2 25. Rxa2 Rxa2 26. b4 cxb4 27.
Rxb4 Ra8 28. Rb7 dxe5 29. Rxe7 exf4 30. Bxf4 Rd8 31. Re2 Bd4+ 32. Kf1 Rxd5 33.
Rd2 Rd8 34. Be5 Bb6 35. Rxd8+ Bxd8 36. g4 f6 37. Bc3 Kf7 38. Kg2 Bc7 39. h3 Ke6
40. Kf3 Be5 41. Bd2 Kd5 42. Be3 h5 1/2-1/2

[Event "Detroit (MCO/Ch/3/3)"]
[Site "?"]
[Date "1994.??.??"]
[Round "?"]
[White "Berkovich, D."]
[Black "Toma, A."]
[Result "1-0"]
[WhiteElo "2485"]
[BlackElo "2170"]
[PlyCount "49"]
[EventDate "1994.??.??"]

{3/(3)} 1. d4 Nf6 2. c4 e6 3. Nc3 d5 4. cxd5 exd5 5. Bg5 c6 6. e3 Be7 7. Qc2
Nbd7 8. Bd3 O-O 9. Nge2 Re8 10. O-O Nf8 11. f3 c5 12. dxc5 Bxc5 13. Nd4 h6 14.
Bxf6 gxf6 15. Na4 Bd6 16. Qd2 Bd7 17. Nc3 Qe7 18. Rae1 Bb4 19. a3 Bxc3 20. Qxc3
Qe5 21. f4 Qd6 22. Rf3 Kh8 23. Qd2 f5 24. Bxf5 Ne6 25. Rh3 1-0